Diógenes de Apolonia y la segunda filosofía Jónica

Αποθηκεύτηκε σε:
Λεπτομέρειες βιβλιογραφικής εγγραφής
Κύριος συγγραφέας: Cappelletti, Angel J (Συγγραφέας)
Μορφή: Βιβλίο
Γλώσσα:Ισπανικά
Έκδοση: Maracaibo Universitaria de la Universdad de Zulia 1974
Σειρά:Biblioteca de textos filosóficos
Θέματα:
Ετικέτες: Προσθήκη ετικέτας
Δεν υπάρχουν, Καταχωρήστε ετικέτα πρώτοι!

MARC

LEADER 00000nam a2200000 a 4500
001 UCY5848
003 CL-VaPUC
008 950512e19740000VE |||||||||||||||||spa|d
082 0 4 |a 182  |b CAP  |2 21 
100 0 |a Cappelletti, Angel J  |e author  |9 335198 
245 1 0 |a Diógenes de Apolonia y la segunda filosofía Jónica 
300 |a 112 p 
942 |c BK 
945 |d 19950512 00:00:00  |a oaravena 
260 |a Maracaibo  |b Universitaria de la Universdad de Zulia  |c 1974 
600 0 7 |a DIOGENES DE APOLONIA  |2 CL-VaPUC  |9 335199 
650 0 |a Presocráticos  |9 325852 
650 0 |a Filosofía del espíritu  |9 320175 
650 0 |a Filosofía antigua   |9 255705 
650 0 |a Filósofos   |9 269126 
651 0 |a Grecia  |9 265314 
583 |a last modification  |c 19950512 00:00:00  |k Rodrigo Vera 
490 0 |a Biblioteca de textos filosóficos 
999 |c 233455  |d 233453 
952 |0 0  |1 0  |4 0  |6 182_000000000000000_CAP_1974  |7 0  |8 P  |9 239000  |a BIBEDU  |b BIBEDU  |c BIBEDU_PB  |d 2019-11-18  |i 1501038  |l 1  |o 182 CAP 1974  |p 1501038  |r 2024-01-25  |s 2023-03-23  |w 2019-11-18  |y BK  |k FIL